000
00293nam a22001337a 4500
008
170424b xxu||||| |||| 00| 0 eng d
020
_a
0931690692
041
_a
eng
080
_2
2 ED
_a
54
100
_a
12
101
_a
AHM
245
_a
WORKING SAFELY WITH
_c
CHEMICALS
942
_2
udc
_c
BK
999
_c
11832
_d
11832